<?xml version="1.0" encoding="UTF-8"?>
<record
    xmlns:xsi="http://www.w3.org/2001/XMLSchema-instance"
    xsi:schemaLocation="http://www.loc.gov/MARC21/slim http://www.loc.gov/standards/marcxml/schema/MARC21slim.xsd"
    xmlns="http://www.loc.gov/MARC21/slim">

  <leader>00576nam a2200169Ia 4500</leader>
  <controlfield tag="001">20599</controlfield>
  <controlfield tag="003">GE_BSU</controlfield>
  <controlfield tag="008">181216s||||||||xx |||||||||||||| ||und||</controlfield>
  <datafield tag="040" ind1=" " ind2=" ">
    <subfield code="c">GE_BSU</subfield>
  </datafield>
  <datafield tag="245" ind1=" " ind2=" ">
    <subfield code="a">&#x420;&#x435;&#x444;&#x435;&#x440;&#x430;&#x442;&#x438;&#x432;&#x43D;&#x44B;&#x439; &#x436;&#x443;&#x440;&#x43D;&#x430;&#x43B;, &#x2116;3.2017. &#x411;&#x438;&#x43E;&#x43B;&#x43E;&#x433;&#x438;&#x44F;.</subfield>
  </datafield>
  <datafield tag="245" ind1=" " ind2=" ">
    <subfield code="b">&#x420;&#x430;&#x437;&#x434;&#x435;&#x43B;. &#x411;&#x43E;&#x442;&#x430;&#x43D;&#x438;&#x43A;&#x430;. &#x412;&#x44B;&#x441;&#x448;&#x438;&#x435; &#x440;&#x430;&#x441;&#x442;&#x435;&#x43D;&#x438;&#x44F;.</subfield>
  </datafield>
  <datafield tag="245" ind1=" " ind2=" ">
    <subfield code="c">&#x433;&#x43B;.&#x440;&#x435;&#x434;.&#x420;&#x410;&#x41D; &#x420;.&#x412;.&#x41F;&#x435;&#x442;&#x440;&#x43E;&#x432; &#x438; &#x434;&#x440;.</subfield>
  </datafield>
  <datafield tag="653" ind1=" " ind2=" ">
    <subfield code="a">&#x41F;&#x435;&#x440;&#x438;&#x43E;&#x434;&#x438;&#x43A;&#x430;</subfield>
  </datafield>
  <datafield tag="653" ind1=" " ind2=" ">
    <subfield code="a">&#x420;&#x435;&#x444;&#x435;&#x440;&#x430;&#x442;&#x438;&#x432;&#x43D;&#x44B;&#x439; &#x436;&#x443;&#x440;&#x43D;&#x430;&#x43B;, &#x2116;3.2017. &#x411;&#x438;&#x43E;&#x43B;&#x43E;&#x433;&#x438;&#x44F;.</subfield>
  </datafield>
  <datafield tag="653" ind1=" " ind2=" ">
    <subfield code="a">&#x10DE;&#x10D4;&#x10E0;&#x10D8;&#x10DD;&#x10D3;&#x10D8;&#x10D9;&#x10D0;</subfield>
  </datafield>
  <datafield tag="942" ind1=" " ind2=" ">
    <subfield code="c">CR</subfield>
  </datafield>
  <datafield tag="999" ind1=" " ind2=" ">
    <subfield code="c">53553</subfield>
    <subfield code="d">53553</subfield>
  </datafield>
</record>
